| 000 | 00878nas a2200289 4500 | ||
|---|---|---|---|
| 001 | BR2018001090 | ||
| 003 | BR-BrBNA | ||
| 005 | 20231205131332.0 | ||
| 007 | ta | ||
| 008 | 230509b bl.|||p| |||| 00| 00por d | ||
| 040 |
_aBR-BrBNA _bpor _cBiblioteca Nacional de Agricultura |
||
| 041 | _a(En) | ||
| 072 | _aU40 | ||
| 100 | 1 | _aZaiatz, A.P.S. | |
| 100 | 1 | _aZolin, C.A. | |
| 100 | 1 | _aVendrusculo, L.G. | |
| 100 | 1 | _aLopes, T.R. | |
| 100 | 1 | _aPaulino, J. | |
| 245 | 1 | _aAgricultural land use and cover change in the cerrado/amazon ecotone: a case study of the upper Teles Pires river basin | |
| 650 | _aSOLO | ||
| 650 | _aSENSORIAMENTO REMOTO | ||
| 650 | _aAMAZÔNIA | ||
| 650 | _aCERRADO | ||
| 773 | 0 |
_tActa Amazônica (Brazil) _xISSN 0044-5967 _g(Jun 2018), v. 48(2) p. 168-177 _wBR2018001090 |
|
| 909 |
_a202311 _bLúcia _c55 _dLúcia Elande |
||
| 942 |
_2AGRIS _n0 _cANA |
||
| 999 |
_c254248 _d254248 |
||